000 00515nam a2200145 i 4500
001 41277
003 ES-MaACL
007 t|
008 030310s1953 sp ||||1| spa d
100 1 _aCases Lamolla, Manuel.
_936301
245 1 0 _aAmor que triunfó de amores
_b: comedia en tres actos y verso inspirada en la obra de Lope de Vega "Amor con vista" /
_cadapatada por Manuel Cases Lamolla.
260 _aLérida :
_bA. G. Ilerda,
_c1953.
300 _a196 p.,3 lám. ;
_c17 cm.
852 _aES-MaACL
_jC-7439
_bR.35177
999 _c41277
_d41277